000 00322nam a22001337a 4500
008 170616b xxu||||| |||| 00| 0 eng d
020 _a9780312061579
041 _aeng
080 _a32
100 _a20
101 _aSHP
245 _aTHE GOVERNMENT CRISIS MEDIA MONEY AND MARKETING
_cBENNET.W.L
942 _2udc
_cBK
999 _c17943
_d17943